[Event "Thanksgiving op"]
[Site "Toronto CAN"]
[Date "2000.10.09"]
[Round "6"]
[White "Dutton, Warren"]
[Black "Cohen, David"]
[Result "1/2-1/2"]
[WhiteElo "2080"]
[BlackElo "1978"]
[PlyCount "74"]
[GameId "2160767911644107"]
[EventDate "2000.10.07"]
[EventType "swiss"]
[EventRounds "6"]
[EventCountry "CAN"]

1. d4 d5 2. Nf3 Nf6 3. h3 c5 4. c4 dxc4 5. Qa4+ Nc6 6. dxc5 Qa5+ 7. Qxa5 Nxa5 8. Nc3 Bd7 9. Bd2 Nc6 10. e4 e6 11. Bxc4 Bxc5 12. O-O O-O 13. Rfd1 Rfd8 14. e5 Ne8 15. Ne4 Be7 16. a3 Rac8 17. Rac1 Nb8 18. Bf4 Bc6 19. Bd3 Rd7 20. Nd6 Rcd8 21. Ng5 Nxd6 22. exd6 Bxd6 23. Bxh7+ Kf8 24. Bxd6+ Rxd6 25. Rxd6 Rxd6 26. Be4 Bxe4 27. Rc8+ Ke7 28. Nxe4 Rd8 29. Rxd8 Kxd8 30. Nd6 f6 31. Nxb7+ Kc7 32. Nc5 Kd6 33. b4 Nc6 34. g3 Nd4 35. Nd3 e5 36. Kg2 Kd5 37. f3 Nc2 1/2-1/2

[Event "Thanksgiving op"]
[Site "Vancouver CAN"]
[Date "2000.10.07"]
[Round "1"]
[White "Stockhausen, Peter"]
[Black "Forbes, Gerry"]
[Result "0-1"]
[WhiteElo "1700"]
[BlackElo "2175"]
[PlyCount "39"]
[GameId "2160767911644108"]
[EventDate "2000.10.07"]
[EventType "swiss"]
[EventRounds "6"]
[EventCountry "CAN"]

1. e4 c5 2. Nf3 e6 3. e5 Nc6 4. d4 cxd4 5. Bd3 Nxe5 6. O-O Nxf3+ 7. Qxf3 Ne7 8. Bg5 Qa5 9. Qg4 Nc6 10. Bd2 Qb6 11. Bf4 Qxb2 12. Nd2 d5 13. Nf3 g6 14. Rfe1 Bg7 15. Bd6 e5 16. Qg3 e4 17. Ng5 f6 18. Nxe4 dxe4 19. Rxe4+ Ne5 20. f4 0-1

[Event "Thanksgiving op"]
[Site "Vancouver CAN"]
[Date "2000.10.07"]
[Round "2"]
[White "Chan, James"]
[Black "Stockhausen, Peter"]
[Result "0-1"]
[WhiteElo "1785"]
[BlackElo "1665"]
[PlyCount "56"]
[GameId "2160767911644109"]
[EventDate "2000.10.07"]
[EventType "swiss"]
[EventRounds "6"]
[EventCountry "CAN"]

1. d4 c6 2. c4 d5 3. Nc3 Bf5 4. Nf3 Nf6 5. Qb3 Bc8 6. e3 e6 7. Bd3 Be7 8. cxd5 Nxd5 9. e4 Nxc3 10. bxc3 O-O 11. Be3 Nd7 12. O-O e5 13. dxe5 Nc5 14. Qd1 Nxd3 15. Qe2 Bg4 16. Rab1 b6 17. h3 Bxf3 18. gxf3 Nxe5 19. f4 Qd3 20. Qd2 Qxd2 21. Bxd2 Nc4 22. Bc1 Rad8 23. Kh2 Nd2 24. Bxd2 Rxd2 25. a4 Bc5 26. Kg2 Rfd8 27. a5 R8d3 28. f5 Rc2 0-1

[Event "Thanksgiving op"]
[Site "Vancouver CAN"]
[Date "2000.10.09"]
[Round "5"]
[White "Stockhausen, Peter"]
[Black "Feng, Jason"]
[Result "1/2-1/2"]
[WhiteElo "1665"]
[BlackElo "1705"]
[PlyCount "52"]
[GameId "2160767911644110"]
[EventDate "2000.10.07"]
[EventType "swiss"]
[EventRounds "6"]
[EventCountry "CAN"]

1. e4 e5 2. f4 Nc6 3. Nf3 f5 4. Bc4 exf4 5. O-O fxe4 6. Nc3 Bc5+ 7. Kh1 exf3 8. Re1+ Nce7 9. Qxf3 Nf6 10. d3 c6 11. Bxf4 d5 12. Bb3 O-O 13. h3 Ng6 14. Bg5 Kh8 15. Rf1 Qd6 16. Rae1 Ne4 17. Qxf8+ Nxf8 18. dxe4 Ng6 19. exd5 cxd5 20. Re8+ Nf8 21. Nxd5 Be6 22. Rxa8 Bxd5 23. Bxd5 Qxd5 24. Rfxf8+ Bxf8 25. Rxf8+ Qg8 26. Rxg8+ Kxg8 1/2-1/2

[Event "Thanksgiving op"]
[Site "Vancouver CAN"]
[Date "2000.10.09"]
[Round "6"]
[White "Kaleim, Nathani"]
[Black "Stockhausen, Peter"]
[Result "1-0"]
[WhiteElo "1925"]
[BlackElo "1700"]
[PlyCount "41"]
[GameId "2160767911644111"]
[EventDate "2000.10.07"]
[EventType "swiss"]
[EventRounds "6"]
[EventCountry "CAN"]

1. e4 c5 2. Nf3 d6 3. d4 cxd4 4. Nxd4 Nf6 5. Nc3 g6 6. Be3 Nc6 7. f3 Bg7 8. Qd2 O-O 9. Bc4 Bd7 10. O-O-O Rc8 11. Bb3 Na5 12. g4 Nxb3+ 13. Nxb3 Rxc3 14. bxc3 a5 15. e5 Ne8 16. exd6 Nxd6 17. Bd4 Nc4 18. Qd3 e5 19. Bc5 Qg5+ 20. Kb1 Bc6 21. Bxf8 1-0

[Event "Thanksgiving op"]
[Site "Winnipeg CAN"]
[Date "2000.10.13"]
[Round "1"]
[White "Barkman, Daniel"]
[Black "Schulz, Waldemar"]
[Result "0-1"]
[WhiteElo "1524"]
[BlackElo "2020"]
[PlyCount "55"]
[GameId "2160767911644165"]
[EventDate "2000.10.??"]
[EventType "swiss"]
[EventRounds "5"]
[EventCountry "CAN"]
[SourceTitle "EXT 2005"]
[Source "ChessBase"]
[SourceDate "2004.11.15"]
[SourceVersion "1"]
[SourceVersionDate "2004.11.15"]
[SourceQuality "1"]

1. e4 c5 2. Nf3 e6 3. d4 cxd4 4. Nxd4 Nf6 5. Nc3 a6 6. Bc4 b5 7. Bb3 b4 8. e5 bxc3 9. exf6 Qxf6 10. bxc3 Bb7 11. O-O Nc6 12. Rb1 Na5 13. Re1 Bc5 14. Nf3 Bxf3 15. gxf3 O-O 16. Re4 d5 17. Rg4 Rfc8 18. Bb2 Nc4 19. Bxc4 dxc4 20. Qe2 Ba7 21. Ba3 h5 22. Rg2 Rab8 23. Rd1 Rd8 24. Re1 Qxc3 25. Be7 Rd2 26. Qe4 Qd4 27. Qxd4 Bxd4 28. Rxg7+ 0-1

[Event "Thanksgiving op"]
[Site "Winnipeg CAN"]
[Date "2000.10.13"]
[Round "1"]
[White "Boron, Anthony"]
[Black "Gentes, Kevin"]
[Result "0-1"]
[WhiteElo "1941"]
[BlackElo "2344"]
[PlyCount "52"]
[GameId "2160767911644166"]
[EventDate "2000.10.??"]
[EventType "swiss"]
[EventRounds "5"]
[EventCountry "CAN"]
[SourceTitle "EXT 2005"]
[Source "ChessBase"]
[SourceDate "2004.11.15"]
[SourceVersion "1"]
[SourceVersionDate "2004.11.15"]
[SourceQuality "1"]

1. d4 Nf6 2. Nf3 b6 3. g3 Bb7 4. Bg2 g6 5. O-O Bg7 6. c4 O-O 7. Nc3 c5 8. b3 Ne4 9. Nxe4 Bxe4 10. Bb2 Nc6 11. e3 d5 12. Ne5 Nxe5 13. dxe5 Bxg2 14. Kxg2 e6 15. f4 Qd7 16. Qe2 Rad8 17. Rad1 Rfe8 18. Rd2 Qb7 19. Qf3 Qa6 20. cxd5 exd5 21. Bc3 c4 22. b4 Qa3 23. e4 dxe4 24. Qe3 Rd3 25. Rxd3 cxd3 26. Rf2 Qxc3 0-1

[Event "Thanksgiving op"]
[Site "Winnipeg CAN"]
[Date "2000.10.13"]
[Round "1"]
[White "Czarny, Keith"]
[Black "Kaptsan, Aron"]
[Result "0-1"]
[WhiteElo "1684"]
[BlackElo "2112"]
[PlyCount "94"]
[GameId "2160767911644167"]
[EventDate "2000.10.??"]
[EventType "swiss"]
[EventRounds "5"]
[EventCountry "CAN"]
[SourceTitle "EXT 2005"]
[Source "ChessBase"]
[SourceDate "2004.11.15"]
[SourceVersion "1"]
[SourceVersionDate "2004.11.15"]
[SourceQuality "1"]

1. Nf3 Nf6 2. g3 g6 3. Bg2 Bg7 4. O-O c5 5. Nc3 d5 6. d4 cxd4 7. Nxd4 O-O 8. Re1 e5 9. Nb3 d4 10. Nb1 Nc6 11. c3 Qb6 12. Na3 Rd8 13. Qc2 Bf5 14. e4 dxe3 15. Bxe3 Qc7 16. Qc1 Ng4 17. Nb5 Qb8 18. Bg5 f6 19. Bd2 Bd3 20. Na3 f5 21. Nc5 e4 22. Ne6 Re8 23. Bf4 Be5 24. Bxe5 Ngxe5 25. Nf4 Qc7 26. Qd1 Rad8 27. Qb3+ Qf7 28. Qxf7+ Kxf7 29. Nxd3 Rxd3 30. Red1 Red8 31. Rxd3 Rxd3 32. Bf1 Rd2 33. Nc4 Nxc4 34. Bxc4+ Kf6 35. Rb1 Ne5 36. Bb3 Nd3 37. Rd1 Rxd1+ 38. Bxd1 Nxb2 39. Bb3 h6 40. f3 exf3 41. Kf2 Nd3+ 42. Kxf3 Nc5 43. Bd5 Ke5 44. Bf7 g5 45. a3 Ne4 46. c4 Nd6 47. Bd5 b5 0-1

[Event "Thanksgiving op"]
[Site "Winnipeg CAN"]
[Date "2000.10.13"]
[Round "1"]
[White "Gibbons, Michael"]
[Black "Xia, Yanchong"]
[Result "1-0"]
[WhiteElo "2116"]
[BlackElo "1823"]
[PlyCount "86"]
[GameId "2160767911644169"]
[EventDate "2000.10.??"]
[EventType "swiss"]
[EventRounds "5"]
[EventCountry "CAN"]
[SourceTitle "EXT 2005"]
[Source "ChessBase"]
[SourceDate "2004.11.15"]
[SourceVersion "1"]
[SourceVersionDate "2004.11.15"]
[SourceQuality "1"]

1. e4 c5 2. Nf3 Nc6 3. d3 e6 4. Nbd2 Be7 5. g3 d6 6. Bg2 b6 7. O-O Bb7 8. Re1 Nf6 9. e5 dxe5 10. Nxe5 Qc7 11. Qf3 Na5 12. Qe2 Bxg2 13. Kxg2 O-O 14. Qf3 Nd5 15. Ng4 Nc6 16. Qd1 Rfd8 17. Nf3 Rac8 18. h4 Nd4 19. c3 Nc6 20. Qe2 b5 21. Bg5 b4 22. c4 Nf6 23. Nxf6+ Bxf6 24. Bxf6 gxf6 25. Qe4 Qe7 26. Rad1 Nd4 27. Qg4+ Kh8 28. Nxd4 Rxd4 29. Qf3 Rcd8 30. Re4 R8d7 31. h5 f5 32. Rxd4 Rxd4 33. Qa8+ Rd8 34. Qc6 Qd6 35. Qb7 Qd7 36. Qf3 Qd4 37. Rd2 Qg4 38. Qe3 f4 39. Qe5+ Kg8 40. Qxc5 f3+ 41. Kg1 Qh3 42. Qg5+ Kh8 43. Qf6+ Kg8 1-0

[Event "Thanksgiving op"]
[Site "Winnipeg CAN"]
[Date "2000.10.13"]
[Round "1"]
[White "Khedkar, Jay S"]
[Black "Trueman, Francis"]
[Result "1-0"]
[WhiteElo "1954"]
[BlackElo "1470"]
[PlyCount "33"]
[GameId "2160767911644170"]
[EventDate "2000.10.??"]
[EventType "swiss"]
[EventRounds "5"]
[EventCountry "CAN"]
[SourceTitle "EXT 2005"]
[Source "ChessBase"]
[SourceDate "2004.11.15"]
[SourceVersion "1"]
[SourceVersionDate "2004.11.15"]
[SourceQuality "1"]

1. e4 c6 2. d4 d5 3. Nc3 dxe4 4. Nxe4 Nd7 5. Bc4 Ndf6 6. Nxf6+ Nxf6 7. Nf3 Bf5 8. O-O e6 9. Bg5 Bd6 10. c3 O-O 11. Qe2 Qc7 12. Bxf6 gxf6 13. h3 Kh8 14. Nh4 Rae8 15. Nxf5 exf5 16. Qh5 Qd7 17. Bd3 1-0

[Event "Thanksgiving op"]
[Site "Winnipeg CAN"]
[Date "2000.10.13"]
[Round "1"]
[White "Mundwiler, Les"]
[Black "Gannon, Keith"]
[Result "1/2-1/2"]
[WhiteElo "2035"]
[BlackElo "1611"]
[PlyCount "145"]
[GameId "2160767911644171"]
[EventDate "2000.10.??"]
[EventType "swiss"]
[EventRounds "5"]
[EventCountry "CAN"]
[SourceTitle "EXT 2005"]
[Source "ChessBase"]
[SourceDate "2004.11.15"]
[SourceVersion "1"]
[SourceVersionDate "2004.11.15"]
[SourceQuality "1"]

1. d4 d5 2. c4 e6 3. Nf3 Nf6 4. g3 Nc6 5. Bg2 Bb4+ 6. Bd2 O-O 7. a3 Bxd2+ 8. Nbxd2 dxc4 9. Nxc4 Qe7 10. O-O Rd8 11. Qd3 Bd7 12. Rfd1 b5 13. Ne3 b4 14. Nc4 Rab8 15. e4 bxa3 16. bxa3 h6 17. Qc2 a6 18. Rac1 Be8 19. Nce5 Nxe5 20. dxe5 Rxd1+ 21. Rxd1 Nh7 22. Nd4 Qxa3 23. Qxc7 Qb2 24. Bf1 Ba4 25. Nb5 Bxd1 26. Qxb8+ Nf8 27. Qd6 axb5 28. Qxd1 Qxe5 29. Qb1 g6 30. Bxb5 Kg7 31. Qd3 Qa1+ 32. Kg2 Qb2 33. Bc4 Qe5 34. h4 h5 35. Bb3 Qb2 36. Bd1 Qa1 37. Qd6 Nh7 38. e5 Qa8+ 39. Bf3 Qf8 40. Qd7 Qb8 41. Qd4 Qc7 42. Qf4 Qe7 43. Qd4 Qc7 44. g4 hxg4 45. Bxg4 Qe7 46. Bf3 f6 47. Bc6 Qf7 48. Qf4 fxe5 49. Qxe5+ Qf6 50. f4 Qxe5 51. fxe5 g5 52. h5 Kh6 53. Be8 Nf8 54. Kg3 Kg7 55. Kf3 Kh6 56. Kg4 Nh7 57. Bd7 Nf8 58. Bc8 Kg7 59. Kxg5 Nh7+ 60. Kg4 Nf8 61. Kh4 Kh6 62. Kg4 Kg7 63. Bb7 Nd7 64. Kf4 Kh6 65. Bf3 Nc5 66. Be2 Nb7 67. Ke4 Nc5+ 68. Kd4 Nd7 69. Bd1 Nxe5 70. Kxe5 Kh7 71. Kxe6 Kh8 72. Kf7 Kh7 73. Kf8 1/2-1/2

[Event "Thanksgiving op"]
[Site "Winnipeg CAN"]
[Date "2000.10.14"]
[Round "2"]
[White "Gannon, Keith"]
[Black "Vincent, Trevor"]
[Result "1/2-1/2"]
[WhiteElo "1611"]
[BlackElo "1318"]
[PlyCount "63"]
[GameId "2160767911644172"]
[EventDate "2000.10.??"]
[EventType "swiss"]
[EventRounds "5"]
[EventCountry "CAN"]
[SourceTitle "EXT 2005"]
[Source "ChessBase"]
[SourceDate "2004.11.15"]
[SourceVersion "1"]
[SourceVersionDate "2004.11.15"]
[SourceQuality "1"]

1. e4 g6 2. d4 Bg7 3. Nc3 d6 4. Be3 c6 5. Nf3 Nd7 6. Bc4 Ngf6 7. Qd2 O-O 8. O-O Qc7 9. a3 a6 10. Rab1 c5 11. Nd5 Nxd5 12. Bxd5 cxd4 13. Bxd4 Nf6 14. Bxf6 Bxf6 15. c3 Rb8 16. Rfe1 Bg4 17. Qe3 Bxf3 18. Qxf3 Qb6 19. Qe3 Qxe3 20. Rxe3 b5 21. g3 Rfd8 22. Kg2 e6 23. Bb3 Rbc8 24. Rd3 Rc5 25. Rbd1 Be7 26. f4 a5 27. e5 d5 28. Ba2 Rdc8 29. Kf3 Kf8 30. h4 h5 31. Bb1 Ke8 32. R3d2 1/2-1/2

[Event "Thanksgiving op"]
[Site "Winnipeg CAN"]
[Date "2000.10.14"]
[Round "2"]
[White "Gentes, Kevin"]
[Black "Schulz, Waldemar"]
[Result "1-0"]
[WhiteElo "2344"]
[BlackElo "2020"]
[PlyCount "89"]
[GameId "2160767911644173"]
[EventDate "2000.10.??"]
[EventType "swiss"]
[EventRounds "5"]
[EventCountry "CAN"]
[SourceTitle "EXT 2005"]
[Source "ChessBase"]
[SourceDate "2004.11.15"]
[SourceVersion "1"]
[SourceVersionDate "2004.11.15"]
[SourceQuality "1"]

1. g3 d5 2. Bg2 Nf6 3. c4 c6 4. Nf3 g6 5. b3 Bg7 6. Bb2 O-O 7. O-O Re8 8. d3 Na6 9. Nbd2 Nc7 10. Qc2 Bg4 11. Rac1 Qc8 12. Rfe1 Bh3 13. Bh1 Bh6 14. Be5 dxc4 15. bxc4 Nd7 16. Bc3 Ne6 17. Rb1 Qc7 18. Qb2 Nec5 19. Qa3 e5 20. Nb3 Nxb3 21. axb3 Bf5 22. Nd2 Bf8 23. Qa1 a5 24. e4 Bg4 25. Bg2 Nc5 26. h3 Bd7 27. d4 exd4 28. Bxd4 Nd3 29. Re3 Nb4 30. Qc3 c5 31. Bf6 Re6 32. e5 Bc6 33. Ne4 Bxe4 34. Bxe4 a4 35. bxa4 Rxa4 36. Rd1 Rea6 37. Rd8 Ra8 38. Rxa8 Rxa8 39. Bf3 Ra2 40. e6 fxe6 41. Bg4 h6 42. Bxe6+ Kh7 43. Rf3 Rc2 44. Qe3 Nc6 45. Ba1 1-0

[Event "Thanksgiving op"]
[Site "Winnipeg CAN"]
[Date "2000.10.14"]
[Round "2"]
[White "Gustafson, Dale"]
[Black "Mundwiler, Les"]
[Result "0-1"]
[WhiteElo "1940"]
[BlackElo "2035"]
[PlyCount "120"]
[GameId "2160767911644174"]
[EventDate "2000.10.??"]
[EventType "swiss"]
[EventRounds "5"]
[EventCountry "CAN"]
[SourceTitle "EXT 2005"]
[Source "ChessBase"]
[SourceDate "2004.11.15"]
[SourceVersion "1"]
[SourceVersionDate "2004.11.15"]
[SourceQuality "1"]

1. e4 c5 2. Nf3 Nc6 3. Bd3 g6 4. c3 e5 5. Bc2 Bg7 6. d3 Nge7 7. Nbd2 O-O 8. O-O h6 9. Re1 d6 10. h3 Be6 11. Nf1 b5 12. Be3 f5 13. exf5 Nxf5 14. Bd2 Nh4 15. N1h2 Nxf3+ 16. Nxf3 Qf6 17. Kh2 Bd5 18. Re3 Ne7 19. Qe2 Nf5 20. Re4 Bxe4 21. Qxe4 a6 22. Rf1 Ra7 23. Kg1 Rc7 24. Nh2 Kh7 25. Nf3 Qe6 26. Bb3 Qf6 27. a4 Rb8 28. Bc1 b4 29. Bc4 bxc3 30. bxc3 a5 31. Be3 Ne7 32. g4 Rd8 33. g5 Qf5 34. gxh6 Bxh6 35. Qh4 Qh5 36. Ng5+ Bxg5 37. Bxg5 Qxh4 38. Bxh4 Rb8 39. Bb5 Nd5 40. Rc1 Nf4 41. Kh2 Kg7 42. Bg3 Ne2 43. Rc2 Nxg3 44. fxg3 Rf7 45. Kg2 Rbf8 46. Rb2 Rf3 47. Bc4 Re3 48. Rf2 Re1 49. Bd5 Rxf2+ 50. Kxf2 Ra1 51. Bc6 Ra3 52. Ke3 Rxc3 53. Ke4 Kf6 54. Bb5 Ke6 55. Bc4+ Ke7 56. h4 Rc1 57. Kf3 Rb1 58. Ke2 Rb4 59. Bb5 d5 60. Bc6 Rd4 0-1

[Event "Thanksgiving op"]
[Site "Winnipeg CAN"]
[Date "2000.10.14"]
[Round "2"]
[White "Kaptsan, Aron"]
[Black "Khedkar, Jay S"]
[Result "1-0"]
[WhiteElo "2112"]
[BlackElo "1954"]
[PlyCount "65"]
[GameId "2160767911644175"]
[EventDate "2000.10.??"]
[EventType "swiss"]
[EventRounds "5"]
[EventCountry "CAN"]
[SourceTitle "EXT 2005"]
[Source "ChessBase"]
[SourceDate "2004.11.15"]
[SourceVersion "1"]
[SourceVersionDate "2004.11.15"]
[SourceQuality "1"]

1. d4 Nf6 2. c4 g6 3. Nc3 Bg7 4. e4 d6 5. Be2 O-O 6. Nf3 e5 7. O-O Nc6 8. d5 Ne7 9. Ne1 Ne8 10. Be3 f5 11. f3 f4 12. Bf2 g5 13. Nd3 Ng6 14. c5 h5 15. Rc1 a6 16. cxd6 cxd6 17. Na4 b5 18. Nb6 Rb8 19. Nxc8 Rxc8 20. Rxc8 Qxc8 21. Qb3 Rf7 22. Rc1 Rc7 23. Rxc7 Qxc7 24. Qc3 Qb8 25. Nb4 Nc7 26. Qc6 a5 27. Na6 Nxa6 28. Qxa6 Qc7 29. Qc6 Qb8 30. Bxb5 Kf8 31. a4 Bf6 32. Bb6 Ne7 33. Qc7 1-0

[Event "Thanksgiving op"]
[Site "Winnipeg CAN"]
[Date "2000.10.14"]
[Round "2"]
[White "Xia, Yanchong"]
[Black "Barkman, Daniel"]
[Result "1-0"]
[WhiteElo "1823"]
[BlackElo "1524"]
[PlyCount "79"]
[GameId "2160767911644177"]
[EventDate "2000.10.??"]
[EventType "swiss"]
[EventRounds "5"]
[EventCountry "CAN"]
[SourceTitle "EXT 2005"]
[Source "ChessBase"]
[SourceDate "2004.11.15"]
[SourceVersion "1"]
[SourceVersionDate "2004.11.15"]
[SourceQuality "1"]

1. e4 e6 2. d4 d5 3. e5 c5 4. c3 Nc6 5. Nf3 Qb6 6. a3 Nge7 7. b4 cxd4 8. cxd4 Nf5 9. Bb2 h5 10. Qd2 Be7 11. Be2 Bd7 12. O-O Rc8 13. Rd1 f6 14. Nc3 fxe5 15. dxe5 Rf8 16. Bd3 a6 17. Rac1 Ncd4 18. Nxd4 Qxd4 19. Bxf5 Qxd2 20. Bg6+ Kd8 21. Rxd2 Bg5 22. Rdd1 Bxc1 23. Rxc1 Rc4 24. Ne2 Rxc1+ 25. Bxc1 Kc7 26. Bxh5 Rf5 27. Bg6 Rxe5 28. Bf4 Kd6 29. f3 b6 30. Kf2 Bb5 31. Ng1 d4 32. Bxe5+ Kxe5 33. Ke1 Kf4 34. Kd2 e5 35. g3+ Kg5 36. Bd3 Bxd3 37. Kxd3 Kf5 38. Ne2 g5 39. h3 b5 40. Nc1 1-0

[Event "Thanksgiving op"]
[Site "Winnipeg CAN"]
[Date "2000.10.14"]
[Round "3"]
[White "Gannon, Keith"]
[Black "Gustafson, Dale"]
[Result "0-1"]
[WhiteElo "1611"]
[BlackElo "1947"]
[PlyCount "102"]
[GameId "2160767911644179"]
[EventDate "2000.10.??"]
[EventType "swiss"]
[EventRounds "5"]
[EventCountry "CAN"]
[SourceTitle "EXT 2005"]
[Source "ChessBase"]
[SourceDate "2004.11.15"]
[SourceVersion "1"]
[SourceVersionDate "2004.11.15"]
[SourceQuality "1"]

1. e4 d5 2. exd5 Qxd5 3. Nf3 Nf6 4. Nc3 Qa5 5. d4 c6 6. Bd3 Bg4 7. O-O e6 8. Bd2 Qc7 9. Re1 Nbd7 10. Ne4 Nxe4 11. Bxe4 Nf6 12. Bd3 O-O-O 13. c3 Bd6 14. h3 Bh5 15. b4 Kb8 16. a4 Bf4 17. Bxf4 Qxf4 18. Qd2 Nd5 19. Qxf4+ Nxf4 20. Re3 Nd5 21. Be4 Nxe3 22. fxe3 Bxf3 23. Bxf3 Rhe8 24. a5 a6 25. c4 e5 26. dxe5 Rxe5 27. Kf2 Rd2+ 28. Be2 Rb2 29. b5 cxb5 30. cxb5 Rexb5 31. Ra3 Rc5 32. e4 Rcc2 33. Re3 Ra2 34. e5 Rxa5 35. e6 fxe6 36. Rxe6 Raa2 37. Re8+ Ka7 38. g4 Rxe2+ 39. Rxe2 Rxe2+ 40. Kxe2 a5 41. Kd3 b5 42. Kd4 a4 43. Kc3 Kb6 44. Kb4 Kc6 45. Ka3 Kd5 46. g5 Ke5 47. h4 Kf4 48. Kb4 g6 49. Kxb5 a3 50. Kb4 a2 51. h5 gxh5 0-1

[Event "Thanksgiving op"]
[Site "Winnipeg CAN"]
[Date "2000.10.14"]
[Round "3"]
[White "Kaptsan, Aron"]
[Black "Gentes, Kevin"]
[Result "0-1"]
[WhiteElo "2112"]
[BlackElo "2344"]
[PlyCount "48"]
[GameId "2160767911644180"]
[EventDate "2000.10.??"]
[EventType "swiss"]
[EventRounds "5"]
[EventCountry "CAN"]
[SourceTitle "EXT 2005"]
[Source "ChessBase"]
[SourceDate "2004.11.15"]
[SourceVersion "1"]
[SourceVersionDate "2004.11.15"]
[SourceQuality "1"]

1. d4 Nf6 2. c4 e6 3. g3 c5 4. d5 exd5 5. cxd5 d6 6. Bg2 g6 7. Nc3 Bg7 8. Nf3 O-O 9. O-O a6 10. a4 Re8 11. Nd2 Nbd7 12. Nc4 Ne5 13. Nxe5 Rxe5 14. Ra3 Rb8 15. Rb3 Qc7 16. a5 Re8 17. Ra3 b5 18. axb6 Rxb6 19. Qa4 Bd7 20. Qa5 Qb8 21. e3 Ng4 22. Na4 Rb3 23. Re1 Rxa3 24. bxa3 Qb3 0-1

[Event "Thanksgiving op"]
[Site "Winnipeg CAN"]
[Date "2000.10.14"]
[Round "3"]
[White "Khedkar, Jay S"]
[Black "Czarny, Keith"]
[Result "0-1"]
[WhiteElo "1954"]
[BlackElo "1684"]
[PlyCount "84"]
[GameId "2160767911644181"]
[EventDate "2000.10.??"]
[EventType "swiss"]
[EventRounds "5"]
[EventCountry "CAN"]
[SourceTitle "EXT 2005"]
[Source "ChessBase"]
[SourceDate "2004.11.15"]
[SourceVersion "1"]
[SourceVersionDate "2004.11.15"]
[SourceQuality "1"]

1. e4 d6 2. d4 g6 3. c4 Bg7 4. Nc3 Nf6 5. Be2 O-O 6. Nf3 Re8 7. O-O c5 8. h3 cxd4 9. Nxd4 Nbd7 10. Be3 Nc5 11. Bf3 a6 12. Rc1 Ncd7 13. Qd2 Ne5 14. Be2 h5 15. f4 Nc6 16. Bf3 Nd7 17. Nxc6 bxc6 18. e5 Bb7 19. Rcd1 Rb8 20. Bf2 Nb6 21. b3 Nc8 22. Ne4 d5 23. Nc5 e6 24. Qe2 Qa5 25. Nd7 Ra8 26. Bh4 Ne7 27. Nf6+ Bxf6 28. Bxf6 Nf5 29. Bxh5 Ng7 30. Qg4 Nxh5 31. Qg5 Nxf6 32. exf6 Qc5+ 33. Kh1 Qf8 34. f5 exf5 35. Rf4 Re4 36. Rxf5 Rae8 37. Rdf1 dxc4 38. h4 Kh7 39. R5f4 Qh6 40. Qg4 Rxf4 41. Rxf4 cxb3 42. axb3 c5 0-1

[Event "Thanksgiving op"]
[Site "Winnipeg CAN"]
[Date "2000.10.14"]
[Round "3"]
[White "Mundwiler, Les"]
[Black "Gibbons, Michael"]
[Result "1/2-1/2"]
[WhiteElo "2035"]
[BlackElo "2116"]
[PlyCount "69"]
[GameId "2160767911644182"]
[EventDate "2000.10.??"]
[EventType "swiss"]
[EventRounds "5"]
[EventCountry "CAN"]
[SourceTitle "EXT 2005"]
[Source "ChessBase"]
[SourceDate "2004.11.15"]
[SourceVersion "1"]
[SourceVersionDate "2004.11.15"]
[SourceQuality "1"]

1. e4 d6 2. d4 g6 3. c4 Bg7 4. Nc3 Nf6 5. h3 O-O 6. Nf3 e5 7. Be2 Nc6 8. d5 Ne7 9. O-O Ne8 10. Qb3 Kh8 11. a4 a5 12. Rd1 b6 13. Qa3 f5 14. Ng5 h6 15. Ne6 Bxe6 16. dxe6 Qc8 17. b4 axb4 18. Qxb4 Qxe6 19. Qb1 Nc6 20. Nb5 Qf7 21. f3 f4 22. Bd2 g5 23. Qd3 Nf6 24. Rdb1 Rad8 25. a5 Nxa5 26. Bxa5 bxa5 27. Rxa5 Ra8 28. Rba1 Rxa5 29. Rxa5 Qd7 30. Qa3 Rc8 31. Ra6 Ne8 32. Na7 Rb8 33. Nc6 Rb6 34. Rxb6 cxb6 35. Qa8 1/2-1/2

[Event "Thanksgiving op"]
[Site "Winnipeg CAN"]
[Date "2000.10.14"]
[Round "3"]
[White "Schulz, Waldemar"]
[Black "Xia, Yanchong"]
[Result "1-0"]
[WhiteElo "2020"]
[BlackElo "1823"]
[PlyCount "45"]
[GameId "2160767911644183"]
[EventDate "2000.10.??"]
[EventType "swiss"]
[EventRounds "5"]
[EventCountry "CAN"]
[SourceTitle "EXT 2005"]
[Source "ChessBase"]
[SourceDate "2004.11.15"]
[SourceVersion "1"]
[SourceVersionDate "2004.11.15"]
[SourceQuality "1"]

1. d4 Nf6 2. Nf3 g6 3. g3 Bg7 4. Bg2 O-O 5. O-O d6 6. c4 Nbd7 7. Nc3 e5 8. b3 Re8 9. Bb2 c6 10. dxe5 Nxe5 11. Qd2 Qe7 12. Rad1 Bg4 13. Qxd6 Qxd6 14. Rxd6 Nxf3+ 15. Bxf3 Bxf3 16. exf3 Rad8 17. Rfd1 Rxd6 18. Rxd6 Kf8 19. Kf1 Ke7 20. Ba3 Rd8 21. Rxc6+ Kd7 22. Rd6+ Kc7 23. Nb5+ 1-0

[Event "Thanksgiving op"]
[Site "Winnipeg CAN"]
[Date "2000.10.14"]
[Round "3"]
[White "Vincent, Trevor"]
[Black "Trueman, Francis"]
[Result "1-0"]
[WhiteElo "1318"]
[BlackElo "1470"]
[PlyCount "67"]
[GameId "2160767911644184"]
[EventDate "2000.10.??"]
[EventType "swiss"]
[EventRounds "5"]
[EventCountry "CAN"]
[SourceTitle "EXT 2005"]
[Source "ChessBase"]
[SourceDate "2004.11.15"]
[SourceVersion "1"]
[SourceVersionDate "2004.11.15"]
[SourceQuality "1"]

1. c4 e5 2. Nc3 Nf6 3. g3 g6 4. Bg2 Bg7 5. d3 O-O 6. Nf3 d6 7. O-O Nbd7 8. Re1 c6 9. Bg5 h6 10. Bd2 Re8 11. Qc1 Kh7 12. Rb1 Rb8 13. b4 e4 14. dxe4 Nxe4 15. Nxe4 Rxe4 16. Ng5+ hxg5 17. Bxe4 Qe7 18. Bf3 Bf6 19. Bc3 Be5 20. Bxe5 Nxe5 21. Bg2 Qf6 22. Qe3 b6 23. Qc3 Qe6 24. c5 d5 25. Qe3 Qf6 26. b5 d4 27. Qd2 Bd7 28. bxc6 Bf5 29. Rb3 Nc4 30. Qc1 Be6 31. c7 Rc8 32. Rb4 Ne5 33. cxb6 axb6 34. Bb7 1-0

[Event "Thanksgiving op"]
[Site "Winnipeg CAN"]
[Date "2000.10.15"]
[Round "4"]
[White "Boron, Anthony"]
[Black "Khedkar, Jay S"]
[Result "0-1"]
[WhiteElo "1941"]
[BlackElo "1954"]
[PlyCount "58"]
[GameId "2160767911644185"]
[EventDate "2000.10.??"]
[EventType "swiss"]
[EventRounds "5"]
[EventCountry "CAN"]
[SourceTitle "EXT 2005"]
[Source "ChessBase"]
[SourceDate "2004.11.15"]
[SourceVersion "1"]
[SourceVersionDate "2004.11.15"]
[SourceQuality "1"]

1. d4 d5 2. Nf3 Nf6 3. g3 e6 4. Bg2 Nbd7 5. O-O Be7 6. b3 O-O 7. Nbd2 b6 8. c4 Bb7 9. Bb2 Rc8 10. Rc1 c5 11. e3 Ne4 12. Nxe4 dxe4 13. Nd2 f5 14. f3 cxd4 15. Bxd4 e5 16. Ba1 Bc5 17. Qe2 f4 18. Nxe4 Bxe4 19. Rcd1 Bc6 20. Bxe5 Bxe3+ 21. Kh1 Qe8 22. Bb2 Nf6 23. g4 Rc7 24. Rfe1 Rd7 25. h3 Rxd1 26. Rxd1 Bc5 27. Qd2 Qe3 28. Kh2 Qxd2 29. Rxd2 Re8 0-1